000
00205 a2200097 4500
001
23952
100
_a
Bialer, S
245
_a
Stalin and His Generals
260
_a
_b
Pegasus
_c
1969
090
_c
16214
_d
16214
942
_a
NUST-CAE
_c
M
_c
6908
999
_c
259025
_d
259025